| 000 | 00796nam a2200241 a 4500 | ||
|---|---|---|---|
| 001 | BRL_926 | ||
| 005 | 20190320210945.0 | ||
| 008 | 290915s1970----u--o######---#000-0#eng-# | ||
| 041 | _aeng | ||
| 044 | _au | ||
| 050 | 4 |
_aN7822.D4 _b.S36 1970 |
|
| 110 | 2 |
_aDenver Art Museum _914691 |
|
| 245 | 1 | 0 |
_aSantos of the Southwest _bthe Denver Art Museum collection _c[Text prepared by Mary Jane Downing. Florence B. Haslett, photographer] |
| 260 |
_a[Denver _bLithography by A. B. Hirschfeld Press _c1970] |
||
| 300 |
_a72 p. _bil. _c26 cm. |
||
| 500 | _aAu1026 | ||
| 504 | _aBibliografía: p. 70 | ||
| 650 | 1 | 4 |
_aSantos en el arte _vCatálogos _zSuroeste de Nuevo México _925343 |
| 700 | 1 |
_aDowning, Mary Jane _925344 |
|
| 700 | 1 |
_aHaslett, Florence B. _eil. _925345 |
|
| 902 | _aGRL | ||
| 942 |
_2lcc _cB |
||
| 999 |
_c9738 _d9738 |
||